[Event "Jersey op"]
[Site "St Clement Bay"]
[Date "2018.04.05"]
[Round "7.8"]
[White "Ansell, Simon"]
[Black "Verma, Aditya"]
[Result "1-0"]
[WhiteElo "2342"]
[BlackElo "2002"]
[PlyCount "87"]
[EventDate "2018.03.31"]
[EventType "swiss"]
[EventRounds "9"]
[EventCountry "GCI"]
[SourceTitle "CBM 183 Extra"]
[Source "ChessBase"]
[SourceDate "2018.04.19"]
[SourceVersion "1"]
[SourceVersionDate "2018.04.19"]
[SourceQuality "1"]

1. d4 e6 2. e4 d5 3. Nd2 dxe4 4. Nxe4 Bd7 5. Nf3 Bc6 6. Bd3 Nd7 7. 0-0 Ngf6 8. Ned2 Be7 9. Nc4 Bxf3 10. Qxf3 c6 11. Ne5 0-0 12. Re1 Qa5 13. c3 Rfd8 14. Qh3 Nf8 15. Bf4 Nd5 16. Bg3 Bf6 17. Nc4 Qa6 18. a4 b6 19. Ne5 Qb7 20. Be4 Bxe5 21. Bxe5 b5 22. a5 a6 23. Qf3 Ng6 24. Bg3 f5 25. Bc2 Qf7 26. Be5 Rac8 27. h3 c5 28. dxc5 Rxc5 29. Bd4 Rc6 30. Bb3 f4 31. Rad1 Qf5 32. Bb6 Rd7 33. Rxe6 Rxe6 34. Rxd5 Re1+ 35. Kh2 Rxd5 36. Qxd5+ Qxd5 37. Bxd5+ Kh8 38. Bb7 Ne5 39. Bxa6 Nc4 40. Bxb5 Nxb6 41. axb6 Re6 42. b7 Rb6 43. Ba6 Kg8 44. c4 1-0

[Event "Jersey op"]
[Site "St Clement Bay"]
[Date "2018.04.01"]
[Round "2"]
[White "Vakhidov, Jahongir"]
[Black "Ansell, Simon"]
[Result "1/2-1/2"]
[WhiteElo "2542"]
[BlackElo "2342"]
[PlyCount "102"]
[EventDate "2018.03.31"]
[EventType "swiss"]
[EventRounds "9"]
[EventCountry "GCI"]
[SourceTitle "CBM 183 Extra"]
[Source "ChessBase"]
[SourceDate "2018.04.19"]
[SourceVersion "1"]
[SourceVersionDate "2018.04.19"]
[SourceQuality "1"]

1. d4 d5 2. c4 c6 3. Nc3 dxc4 4. e3 b5 5. a4 b4 6. Ne4 Qd5 7. Nd2 Ba6 8. Ne2 e5 9. dxe5 c3 10. bxc3 Qxe5 11. Qc2 Nf6 12. Bb2 Qa5 13. Nb3 Qc7 14. 0-0-0 Nbd7 15. cxb4 Bxb4 16. g4 h6 17. h4 c5 18. Ned4 c4 19. Nb5 Bxb5 20. axb5 Rc8 21. Nd4 c3 22. Ba1 Qa5 23. Kb1 Ne5 24. Nb3 Qa3 25. Rd4 Nf3 26. Rc4 0-0 27. Rxc8 Ne1 28. Qa2 Rxc8 29. Qxa3 Bxa3 30. Ka2 Bb4 31. g5 Ne4 32. Bh3 Nxf2 33. Bxc8 Nxh1 34. Nc1 Nf2 35. gxh6 g6 36. Kb3 Bc5 37. Bxc3 Nf3 38. Bb7 Nxh4 39. Bd5 Bxe3 40. Bxf7+ Kh7 41. Ne2 Nf5 42. Ka4 Kxh6 43. Bd5 g5 44. Ka5 g4 45. Ka6 Nd3 46. Bc4 Nc5+ 47. Kxa7 Nd6 48. Bd5 Nxb5+ 49. Kb8 Nd7+ 50. Kb7 Nxc3 51. Nxc3 Nf6 1/2-1/2

[Event "PRO League Stage"]
[Site "Chess.com INT"]
[Date "2018.02.14"]
[Round "6"]
[White "Ansell, Simon"]
[Black "Le Roux, Jean Pierre"]
[Result "0-1"]
[WhiteElo "2340"]
[BlackElo "2554"]
[PlyCount "138"]
[EventDate "2018.01.18"]
[EventType "team-swiss (rapid)"]
[EventRounds "9"]
[EventCountry "USA"]
[SourceTitle "CBM 182 Extra"]
[Source "ChessBase"]
[SourceDate "2018.02.23"]
[SourceVersion "1"]
[SourceVersionDate "2018.02.23"]
[SourceQuality "1"]
[WhiteTeam "London Towers"]
[BlackTeam "London Lions"]
[WhiteTeamCountry "ENG"]
[BlackTeamCountry "ENG"]

1. d4 Nf6 2. Bf4 c5 3. e3 g6 4. Nc3 Bg7 5. h4 Qa5 6. Qd2 d6 7. Bb5+ Bd7 8. Bxd7+ Nbxd7 9. Nf3 Rc8 10. 0-0 0-0 11. a4 Rfe8 12. Rfd1 cxd4 13. exd4 Nb6 14. Qe2 Qf5 15. Bg5 Nc4 16. Rab1 Nxb2 17. Rxb2 Rxc3 18. Bxf6 Bxf6 19. Rxb7 Rxc2 20. Qb5 Qxb5 21. axb5 Rb2 22. Rc1 Rb4 23. Rcc7 h5 24. g3 Rb2 25. Kg2 Kf8 26. Rc4 Ra8 27. Ra4 Rc8 28. Ne1 Rc3 29. Rbxa7 Rxb5 30. Ra8+ Kg7 31. Nf3 Rb2 32. Ra2 Rxa2 33. Rxa2 e6 34. Ra6 d5 35. Ra2 Rc4 36. Rd2 Kf8 37. Kf1 Ra4 38. Ke2 Bd8 39. Ke3 Bc7 40. Rc2 Bd6 41. Rc8+ Ke7 42. Rc2 Ra3+ 43. Ke2 f6 44. Rd2 Ra5 45. Rb2 Ra7 46. Rd2 Rd7 47. Ra2 Bc7 48. Ra6 Rd6 49. Ra7 Kd7 50. Kd3 Rb6 51. Ra3 Rb2 52. Ke3 e5 53. dxe5 fxe5 54. Ra7 Rb3+ 55. Ke2 Kd6 56. Nd2 Rb2 57. Ra6+ Bb6 58. Kd3 e4+ 59. Kc3 Rb5 60. Nb3 Kc7 61. Nd4 Rc5+ 62. Kb3 Rc4 63. Nc2 Bxf2 64. Rxg6 e3 65. Re6 Re4 66. Rxe4 dxe4 67. Nd4 Bxg3 68. Kc4 Be5 69. Ne2 Kd6 0-1

[Event "BCF-chT1b 1718 (4NCL)"]
[Site "England"]
[Date "2018.02.10"]
[Round "5.75"]
[White "Ansell, Simon"]
[Black "Phillips, Roy Jean Noel"]
[Result "1-0"]
[WhiteElo "2340"]
[BlackElo "2193"]
[PlyCount "81"]
[EventDate "2017.11.11"]
[EventType "team-swiss"]
[EventRounds "11"]
[EventCountry "ENG"]
[SourceTitle "EXT 2019"]
[Source "ChessBase"]
[SourceDate "2018.10.10"]
[SourceVersion "1"]
[SourceVersionDate "2018.10.10"]
[SourceQuality "1"]
[WhiteTeam "Blackthorne Russia"]
[BlackTeam "West is Best"]
[WhiteTeamCountry "ENG"]
[BlackTeamCountry "ENG"]

1. d4 d6 2. e4 Nf6 3. Nc3 e5 4. Nf3 Nbd7 5. Bc4 Be7 6. 0-0 0-0 7. Re1 c6 8. a4 a5 9. h3 Qc7 10. dxe5 Nxe5 11. Ba2 Nxf3+ 12. Qxf3 Nd7 13. Be3 Ne5 14. Qg3 Ng6 15. Ne2 Bh4 16. Qf3 Be6 17. Bd4 Rae8 18. Bc3 Bxa2 19. Rxa2 f5 20. exf5 Qf7 21. Raa1 Qxf5 22. Qxf5 Rxf5 23. g3 Bd8 24. Nd4 Rfe5 25. Nf5 Rxe1+ 26. Rxe1 Rxe1+ 27. Bxe1 Bc7 28. Bc3 Ne5 29. f4 Nc4 30. Bxg7 Kf7 31. Bc3 Ke6 32. g4 Kd5 33. Ng7 Ke4 34. f5 d5 35. f6 Ne5 36. Kg2 d4 37. Bxd4 Kxd4 38. Ne6+ Kd5 39. Nxc7+ Kd6 40. Ne8+ Kd7 41. f7 1-0

[Event "PRO League Stage"]
[Site "Chess.com INT"]
[Date "2018.01.31"]
[Round "3"]
[White "Ansell, Simon"]
[Black "Cornette, Matthieu"]
[Result "0-1"]
[WhiteElo "2340"]
[BlackElo "2611"]
[PlyCount "94"]
[EventDate "2018.01.18"]
[EventType "team-swiss (rapid)"]
[EventRounds "9"]
[EventCountry "USA"]
[SourceTitle "CBM 182 Extra"]
[Source "ChessBase"]
[SourceDate "2018.02.23"]
[SourceVersion "1"]
[SourceVersionDate "2018.02.23"]
[SourceQuality "1"]
[WhiteTeam "London Towers"]
[BlackTeam "Cannes Blockbusters"]
[WhiteTeamCountry "ENG"]
[BlackTeamCountry "FRA"]

1. d4 Nf6 2. Bf4 d5 3. e3 c5 4. c3 Nc6 5. Nd2 Bf5 6. Ngf3 cxd4 7. exd4 e6 8. Qb3 Bd6 9. Qxb7 Bxf4 10. Qxc6+ Kf8 11. Be2 g6 12. 0-0 Kg7 13. Nb3 a5 14. Qa4 Qb6 15. Ne5 h5 16. Rfe1 Ng4 17. Nxg4 hxg4 18. g3 Qd8 19. Bf1 Bd6 20. Bg2 Qg5 21. Re3 Qh6 22. Qc6 Qxh2+ 23. Kf1 Be7 24. Nc5 Bg5 25. Rae1 Rab8 26. b3 Rhc8 27. Qd6 Rd8 28. Qe5+ Bf6 29. Qc7 Rbc8 30. Qa7 Rd6 31. Nd7 Bg5 32. Ne5 Rf8 33. Nd7 Re8 34. Ne5 Re7 35. Qb8 Ra6 36. a4 f6 37. Qc8 Raa7 38. Nc6 Rac7 39. Qa8 Bxe3 40. Rxe3 Rf7 41. Qa6 Be4 42. Rxe4 dxe4 43. Bxe4 f5 44. Bg2 f4 45. gxf4 Qxf4 46. Qe2 g3 47. c4 Qc1+ 0-1

[Event "BCF-chT1d 1617 (4NCL) Demotion pool"]
[Site "England"]
[Date "2017.05.01"]
[Round "11.53"]
[White "Ansell, Simon"]
[Black "Jackson, James P"]
[Result "0-1"]
[WhiteElo "2349"]
[BlackElo "2290"]
[PlyCount "92"]
[EventDate "2016.11.19"]
[EventType "team-tourn"]
[EventRounds "4"]
[EventCountry "ENG"]
[SourceTitle "EXT 2018"]
[Source "ChessBase"]
[SourceDate "2017.10.13"]
[SourceVersion "1"]
[SourceVersionDate "2017.10.13"]
[SourceQuality "1"]
[WhiteTeam "Blackthorne Russia"]
[BlackTeam "Barbican II"]
[WhiteTeamCountry "ENG"]
[BlackTeamCountry "ENG"]

1. e4 c5 2. d3 Nc6 3. f4 g6 4. Nf3 Bg7 5. Be2 Nf6 6. 0-0 0-0 7. Qe1 d5 8. e5 Ne8 9. c3 d4 10. Na3 Nc7 11. Nc2 f6 12. cxd4 cxd4 13. Nb4 Bd7 14. Bd1 a5 15. Bb3+ Kh8 16. Nxc6 Bxc6 17. f5 gxf5 18. exf6 exf6 19. Nh4 Qe8 20. Qg3 a4 21. Bc4 Nd5 22. Nxf5 Rg8 23. Qf2 Bf8 24. a3 Rg6 25. Nh4 Rg8 26. Bd2 Qh5 27. Rae1 Rg4 28. Re4 Ne3 29. Rxg4 Qxg4 30. Rc1 Bg7 31. h3 Qh5 32. Ba2 Re8 33. Nf3 f5 34. Qg3 f4 35. Qxf4 Rf8 36. Qg3 Bxf3 37. gxf3 Be5 38. Rc5 Bxg3 39. Rxh5 Rxf3 40. Bxe3 dxe3 41. Rg5 Rf8 42. Rxg3 e2 43. Re3 Rf1+ 44. Kg2 e1Q 45. Rxe1 Rxe1 46. Kf3 b5 0-1

[Event "PRO League Stage"]
[Site "Chess.com INT"]
[Date "2017.02.11"]
[Round "5"]
[White "Cheng, Bindi"]
[Black "Ansell, Simon"]
[Result "1/2-1/2"]
[WhiteElo "2397"]
[BlackElo "2349"]
[PlyCount "69"]
[EventDate "2017.01.11"]
[EventType "team-swiss (rapid)"]
[EventRounds "7"]
[EventCountry "USA"]
[SourceTitle "CBM 176 Extra"]
[Source "ChessBase"]
[SourceDate "2017.03.02"]
[SourceVersion "1"]
[SourceVersionDate "2017.03.02"]
[SourceQuality "1"]
[WhiteTeam "Toronto Dragons"]
[BlackTeam "London Towers"]
[WhiteTeamCountry "CAN"]
[BlackTeamCountry "ENG"]

1. d4 d5 2. c4 c6 3. cxd5 cxd5 4. Nc3 Nf6 5. Bf4 Nc6 6. e3 a6 7. Rc1 Qb6 8. Bd3 g6 9. Bg5 Bg7 10. Bxf6 Bxf6 11. Nxd5 Qa5+ 12. Nc3 0-0 13. Nf3 e5 14. d5 Ne7 15. e4 Bd7 16. 0-0 Nc8 17. Nd2 Nd6 18. Nc4 Nxc4 19. Bxc4 Rac8 20. Bb3 Rfd8 21. Qf3 Bg5 22. Rcd1 Be8 23. d6 Rd7 24. Rd5 Qd8 25. Rxe5 Rxd6 26. Qg3 Be7 27. Nd5 Bf8 28. Rxe8 Qxe8 29. Qxd6 Bxd6 30. Nf6+ Kg7 31. Nxe8+ Rxe8 32. Rd1 Rxe4 33. Kf1 Bc5 34. Rd7 Re7 35. Rxe7 1/2-1/2

[Event "PRO League Central"]
[Site "Chess.com INT"]
[Date "2017.01.11"]
[Round "1"]
[White "Ansell, Simon"]
[Black "Degraeve, Remy"]
[Result "0-1"]
[WhiteElo "2349"]
[BlackElo "2019"]
[PlyCount "116"]
[EventDate "2017.01.11"]
[EventType "team-swiss (rapid)"]
[EventRounds "7"]
[EventCountry "USA"]
[SourceTitle "CBM 176 Extra"]
[Source "ChessBase"]
[SourceDate "2017.03.02"]
[SourceVersion "1"]
[SourceVersionDate "2017.03.02"]
[SourceQuality "1"]
[WhiteTeam "London Towers"]
[BlackTeam "Marseille Migraines"]
[WhiteTeamCountry "ENG"]
[BlackTeamCountry "FRA"]

1. d4 Nf6 2. Bf4 e6 3. e3 b6 4. Nf3 Bb7 5. Nbd2 c5 6. c3 cxd4 7. exd4 Be7 8. Bd3 0-0 9. 0-0 Nh5 10. Be3 Bd6 11. Nc4 Bc7 12. Nfe5 Qh4 13. h3 Nf4 14. Bxf4 Qxf4 15. Qg4 Qxg4 16. hxg4 f6 17. Nf3 Nc6 18. Ne3 Ne7 19. Rfe1 Nd5 20. Nxd5 Bxd5 21. Nd2 Rae8 22. Bb5 Re7 23. Re2 f5 24. gxf5 Rxf5 25. f3 Bxf3 26. Nxf3 Rxb5 27. c4 Rf5 28. Rd1 g5 29. Re4 Ref7 30. b4 h5 31. d5 exd5 32. Rxd5 Rxd5 33. cxd5 g4 34. Nd4 Kf8 35. Nb5 Bg3 36. Nxa7 Rf4 37. Rxf4+ Bxf4 38. Nc8 b5 39. Kf1 Bd2 40. Nd6 Bxb4 41. Nxb5 Ke7 42. Kf2 Kf6 43. Kg3 Kg5 44. a4 Be1+ 45. Kh2 Kf4 46. Na3 Ke4 47. Nc2 Bf2 48. Nb4 Kd4 49. g3 Kc4 50. Nc2 Kxd5 51. Kg2 Bc5 52. Kf1 Ke4 53. Ke2 d5 54. Ne1 Bd6 55. Kf2 d4 56. a5 d3 57. a6 Bc5+ 58. Kf1 d2 0-1